Graham Greene. A Chance for Mr. Lever (Запис № 280034)

МАРК-запис
000 -LEADER
fixed length control field 00413nam a22001697a 4500
020 ## - INTERNATIONAL STANDARD BOOK NUMBER
International Standard Book Number 5060002209XXX
041 ## - LANGUAGE CODE
Language code of text/sound track or separate title eng
080 ## - UNIVERSAL DECIMAL CLASSIFICATION NUMBER
Universal Decimal Classification number 82
090 ## - LOCALLY ASSIGNED LC-TYPE CALL NUMBER (OCLC); LOCAL CALL NUMBER (OCLC)
Local cutter number (OCLC) ; Book number/undivided call number, CALL (RLIN) ИВЯ
100 ## - MAIN ENTRY--PERSONAL NAME
Personal name Ивянская И. С.
245 ## - TITLE STATEMENT
Title Graham Greene. A Chance for Mr. Lever
260 ## - PUBLICATION, DISTRIBUTION, ETC. (IMPRINT)
Place of publication, distribution, etc Москва
Name of publisher, distributor, etc Высшая школа
Date of publication, distribution, etc 1989
300 ## - PHYSICAL DESCRIPTION
Extent 127
520 ## - SUMMARY, ETC.
-- Literature, Fiction, Classics
650 ## - SUBJECT ADDED ENTRY--TOPICAL TERM
Topical term or geographic name as entry element Reading
942 ## - ADDED ENTRY ELEMENTS (KOHA)
Koha item type Книги
Фонди
Withdrawn status Lost status Source of classification or shelving scheme Damaged status Not for loan Home library Current library Date acquired Source of acquisition Cost, normal purchase price Total Checkouts Full call number Barcode Date last seen Price effective from Koha item type
    Universal Decimal Classification     ВІЛ - Відділ іноземн. літератури НБ ВІЛ - Відділ іноземн. літератури НБ 08/08/2005 Акт № 5\05 4.00   82 205193 19/11/2021 26/12/2005 Книги